Normal view
MARC view
- Psychophysiology.
Entry Topical Term
001 - CONTROL NUMBER
- control field: 1432
003 - CONTROL NUMBER IDENTIFIER
- control field: NUST
005 - DATE AND TIME OF LATEST TRANSACTION
- control field: 20170525131731.0
008 - FIXED-LENGTH DATA ELEMENTS
- fixed length control field: 170525|| aca||aabn | a|a d
040 ## - CATALOGING SOURCE
- Original cataloging agency: NUST
- Transcribing agency: NUST
150 ## - HEADING--TOPICAL TERM
- Topical term or geographic name entry element: Psychophysiology.
670 ## - SOURCE DATA FOUND
- Source citation: Work cat.: (NUST)23584: Mary Collins 1431, A first laboratory guide in psychology, c2007.
